Chansons Billie Eilish - Statistiques

Statistiques générales
  • Ce quiz a été pris 68 fois
  • Le résultat moyen est 42 sur 73
Statistiques - réponses
% Correct
!!!!!!! 1
100%
bad guy 2
87%
bad guy (ft Justin Bieber)
87%
Happier Than Ever
84%
Happier Than Ever 15
84%
ocean eyes 7
84%
CHIHIRO 3
78%
i love you 13
78%
L'AMOUR DE MA VIE 7
78%
bellyache 6
76%
LUNCH 2
76%
watch 4
76%
BIRDS OF A FEATHER 4
73%
The 30th
73%
TV
73%
my strange addiction 9
71%
WILDFLOWER 5
71%
SKINNY 1
69%
you should see me in a crown 4
69%
8 8
67%
all the good girls go to hell 5
67%
COPYCAT 1
67%
ilomilo 11
67%
my boy 3
67%
THE DINER 8
67%
xanny 3
67%
Billie Bossa Nova 3
64%
BLUE 10
64%
&burn (ft Vince Staples) 9
64%
Guess (ft Charli xcx)
64%
listen before i go 12
64%
bury a friend 10
62%
GOLDWING 6
62%
idontwannabeyouanymore 2
62%
lovely (ft Khalid)
62%
party favor 5
62%
wish you were gay 6
62%
Your Power 12
62%
Getting Older 1
60%
goodbye 14
60%
Therefore I Am 14
60%
What Was I Made For?
60%
BITTERSUITE 9
58%
hostage 8
58%
Lost Cause 7
58%
my future 4
58%
when the party's over 7
58%
I Didn't Change My Number 2
56%
Male Fantasy 16
56%
NDA 13
56%
Oxytocin 5
56%
THE GREATEST 6
56%
Halley's Comet 8
51%
No Time To Die
49%
don't smile at me
44%
HIT ME HARD AND SOFT
44%
Not My Responsibility 9
44%
OverHeated 10
44%
everything i wanted
42%
WHEN WE ALL FALL ASLEEP, WHERE DO WE GO?
42%
Everybody Dies 11
40%
Six Feet Under
38%
Guitar Songs
36%
Bored
33%
Never Felt So Alone (ft Labrinth)
33%
bitches broken hearts
31%
come out and play
31%
Lo Vas A Olvidar (fr ROSALIA)
27%
WHEN I WAS OLDER
24%
hotline
22%
OVER NOW
7%
Featurings
2%
Singles
2%
Aucun quiz correspondant
Distribution des résultats
% des personnes avec chaque résultat
Percentile par nombre de réponses
Votre historique - résultats
Vous n’avez pas pris ce quiz